|
|
|
|
| LEADER |
01073nam a2200277 u 4500 |
| 001 |
10015819 |
| 003 |
upatras |
| 005 |
20210117204917.0 |
| 008 |
881025s1997 us eng |
| 020 |
|
|
|a 053883644X
|
| 040 |
|
|
|a GR-PaULI
|c GR-PaULI
|
| 041 |
0 |
|
|a eng
|
| 082 |
0 |
4 |
|a 657
|
| 100 |
1 |
|
|a Wolk, Harry I.
|4 aut
|9 136347
|
| 245 |
1 |
0 |
|a Accounting theory
|b a conceptual and institutional approach
|c Harry I. Wolk, Michael G. Tearney
|
| 250 |
|
|
|a 4th ed.
|
| 260 |
|
|
|a Cincinnati, Ohio
|b South-Western Publishing
|c 1997
|
| 300 |
|
|
|a xiv, 658 σ.
|c 24 εκ.
|
| 504 |
|
|
|a Περιλαμβάνει βιβλιογραφία και ευρετήριο
|
| 650 |
|
4 |
|a Λογιστική
|9 546
|
| 700 |
1 |
|
|a Tearney, Michael G.
|4 aut
|9 136348
|
| 852 |
|
|
|a GR-PaULI
|b ΠΑΤΡΑ
|b ΒΚΠ
|b ΒΣ1
|k ΑΣΧΞ
|h 657 WOL
|m 33958
|p 025000233214
|t 1
|
| 942 |
|
|
|2 ddc
|c BK15
|
| 952 |
|
|
|0 0
|1 0
|4 0
|6 657_000000000000000_WOL
|7 0
|9 162880
|a LISP
|b LISP
|c BSC
|d 2016-04-24
|i 33958
|l 0
|o 657 WOL
|p 025000233214
|r 2016-04-24 00:00:00
|t 1
|w 2016-04-24
|y BK15
|
| 998 |
|
|
|c ΒΑΣΙΛΕΙΟΥ
|d 2014-11
|
| 999 |
|
|
|c 102164
|d 102164
|